Statistics for The Beatles: Two-Word Song Titles

Click here to take the quiz!

General Stats

  • This quiz has been taken 35 times
  • The average score is 16 of 42

Answer Stats

Answer% Correct
Yellow Submarine
82%
Yellow Submarine
82%
Eleanor Rigby
79%
Come Together
64%
Penny Lane
61%
Golden Slumbers
58%
Helter Skelter
58%
Get Back
55%
Hey Jude
55%
Her Majesty
52%
Lovely Rita
52%
Rocky Raccoon
48%
Sun King
48%
The End
48%
Norwegian Wood
45%
Polythene Pam
45%
Octopus's Garden
42%
Oh! Darling
42%
Getting Better
39%
Dear Prudence
36%
Dig it
33%
Glass Onion
33%
Hello, Goodbye
33%
Honey Pie
33%
Paperback Writer
33%
Yer Blues
33%
Nowhere Man
30%
Doctor Robert
24%
Good Night
24%
Hey Bulldog
24%
Lady Madonna
24%
Savoy Truffle
24%
Sexy Sadie
24%
I Will
21%
Maggie Mae
21%
The Word
21%
No Reply
18%
Another Girl
12%
Day Tripper
12%
I'm Down
9%
This Boy
9%
Little Child
6%

Score Distribution

Percentile by Number Answered

Percent of People with Each Score

Your Score History

You have not taken this quiz